[Event "Titled Tuesday intern op 31st Oct Late"]
[Site "Chess.com INT"]
[Date "2023.10.31"]
[Round "11"]
[White "Souza, Gustavo Horokoski"]
[Black "Devagharan, Devina"]
[Result "1-0"]
[WhiteElo "1898"]
[BlackElo "1766"]
[PlyCount "71"]
[EventDate "2023.10.31"]
[EventType "swiss (blitz)"]
[EventRounds "11"]
[EventCountry "USA"]
[SourceTitle "EXT 2025"]
[Source "ChessBase"]
[SourceDate "2024.10.14"]
[SourceVersion "1"]
[SourceVersionDate "2024.10.14"]
[SourceQuality "1"]

1. c4 e6 2. e4 d5 3. exd5 exd5 4. d4 Nf6 5. Nc3 c6 6. Nf3 Be7 7. cxd5 Nxd5 8. Bc4 Nxc3 9. bxc3 0-0 10. 0-0 Nd7 11. Re1 Nf6 12. h3 a6 13. Bf4 b5 14. Bb3 Bb7 15. a4 c5 16. axb5 axb5 17. dxc5 Rxa1 18. Qxa1 Bxf3 19. gxf3 Bxc5 20. c4 b4 21. Qe5 Bd4 22. Qg5 Re8 23. Rd1 Qb6 24. Bg3 h6 25. Qd2 Bc3 26. Qd3 Qc5 27. Kg2 Nh5 28. Bc2 g6 29. Qd5 Qb6 30. c5 Qf6 31. Qd6 Qg5 32. h4 Qf6 33. Qxf6 Nxf6 34. c6 Rc8 35. c7 Nh5 36. Rd8+ 1-0